000 00299nam a22001337a 4500
008 171013b xxu||||| |||| 00| 0 eng d
020 _a9780078049842
041 _aeng
080 _214TH
_a316
100 _a51
101 _aSOC
245 _aLIFE-SPAN DEVELOPMENT
_cSANTROCK,J.W
942 _2udc
_cBK
999 _c33798
_d33798